000
00278nam a22001337a 4500
008
170715b xxu||||| |||| 00| 0 eng d
020
_a
9780521532174
041
_a
eng
080
_a
17
100
_a
24
101
_a
ANT
245
_a
UNDER GOD?
_c
PERRY,M.J
942
_2
udc
_c
BK
999
_c
21184
_d
21184